Southville International School and Colleges
Your cart is empty.
  • Cart
  • Lists
    Public lists Eva Luna New books Lux_list list_1
    Your lists Log in to create your own lists
  • Log in to your account
  • Your cookies
  • Search history
Southville International School and Colleges
  • Advanced search
  • Recent comments
  • Most popular
  • Libraries

Log in to your account

Log in with GOOGLE


If you do not have an external account, but do have a local account, you can still log in:

  1. Home
  2. MARC view: The result field book:
Normal view MARC view ISBD view

The result field book: (Record no. 288046)

[ view plain ]
MARC details
000 -LEADER
fixed length control field 00581nam a2200157Ia 4500
008 - FIXED-LENGTH DATA ELEMENTS--GENERAL INFORMATION
fixed length control field 150610s9999 xx 000 0 und d
020 ## - INTERNATIONAL STANDARD BOOK NUMBER
International Standard Book Number 9780871205216
050 ## - LIBRARY OF CONGRESS CALL NUMBER
Classification number LB2822.82
Item number .S354 2001
100 ## - MAIN ENTRY--PERSONAL NAME
Personal name Schmoker, Mike
245 #4 - TITLE STATEMENT
Title The result field book:
Remainder of title practical strategies from dramatically improved schools /
Statement of responsibility, etc Mike Schmoker.
260 ## - PUBLICATION, DISTRIBUTION, ETC. (IMPRINT)
Place of publication, distribution, etc USA :
Name of publisher, distributor, etc ASCD Publications,
Date of publication, distribution, etc 2001.
300 ## - PHYSICAL DESCRIPTION
Extent 150pages ;
Dimensions 28 cm.
504 ## - BIBLIOGRAPHY, ETC. NOTE
Bibliography, etc Includes bibliographical references and index.
520 ## - SUMMARY, ETC.
Summary, etc Case studies.
650 ## - SUBJECT ADDED ENTRY--TOPICAL TERM
Topical term or geographic name as entry element School management and organozation-United States
General subdivision Case studies.
Holdings
Withdrawn status Lost status Damaged status Home library Current library Shelving location Date acquired Total Checkouts Full call number Barcode Date last seen Price effective from Koha item type
      Stonyhurst Southville International School (Batangas) Stonyhurst Southville International School (Batangas) High School Section 06/10/2015   LB2822.82 .S354 2001 US-1609 06/10/2015 06/10/2015 Books

The result field book:

APA

Schmoker M., . (2001). The result field book. USA: ASCD Publications.

Chicago

Schmoker Mike, . 2001. The result field book. USA: ASCD Publications.

Harvard

Schmoker M., . (2001). The result field book. USA: ASCD Publications.

MLA

Schmoker Mike, . The result field book. USA: ASCD Publications. 2001.

  • Place hold
  • Print
  • Cite
  • Add to your cart (remove)
  • Save record
    BIBTEX Dublin Core MARCXML MARC (non-Unicode/MARC-8) MARC (Unicode/UTF-8) MARC (Unicode/UTF-8, Standard) MODS (XML) RIS
  • More searches
    Search for this title in:
    Other Libraries (WorldCat) Other Databases (Google Scholar) Online Stores (Bookfinder.com) Open Library (openlibrary.org)

Exporting to Dublin Core...

SOUTHVILLE LIBRARY

Southville International School and Colleges Library

1281 Tropical Ave. Cor. Luxembourg St., BF Homes International, Las Pinas City

Tel. No. 8256374 / 252358 Loc. 117/146

Powered by Koha